Statistics for The Finland Quiz

Click here to take the quiz!

General Stats

  • This quiz has been taken 3,916 times
  • The average score is 9 of 10

Answer Stats

HintAnswer% Correct
The capital of the countryHelsinki
99%
The oldest cityTurku
94%
Year that Finland declared independence from Russia1917
90%
Pesäpallo is a sport often referred to as the Finnish version of ________Baseball
88%
What nähdään myöhemmin means in EnglishSee you later!
87%
First female PresidentTarja Halonen
87%
Northern region where Finns say that Santa is fromLapland
82%
Finland's largest lakeSaimaa
82%
Year that the country hosted the Summer Olympics1952
80%
Highest mountain (though the peak itself is in Norway)Halti
70%

Score Distribution

Percentile by Number Answered

Percent of People with Each Score

Your Score History

You have not taken this quiz